LEADER 00723nam a2200205 i 4500 001 000000042535 003 CaOOAMICUS 005 20250902120440.0 008 121001s1883 xx u000 u fre u 013 $a13705 040 $aSeMil$bita 100 1 $aMonsabré, Jacques Marie Louis,$d<1827-1907>.$0(OLS)http://semarc/name/837 245 10$aExistence de Dieu :$bCarême 1873. 250 $a5. éd. 300 $aV, 291 p. 773 0 $tExposition du dogme catholique.$dParis : Édouard Baltenweck, 1883.$w()27062 850 $aSeMil 852 $aSeMil$W1$xVenegono$y1$m2B I 19 FA$j8690$B8690$CSeMilBibl$Z2$F8690 $8I 996 $6245$aExistence de Dieu :$bCarême 1873$9(OLS)http://semarc/title/62084 LEADER 00862nam a2200229 i 4500 001 000000210362 003 CaOOAMICUS 005 20120124000000.0 008 120124s1954 it u000 u ita u 013 $a189175 040 $aSeMil$bita 100 1 $aCima, Antonio <1854-1909>.$0(OLS)http://semarc/name/11767 245 10$aTeoria dello stile latino /$cAntonio Cima. 250 $a2. ed. 260 $aTorino [etc.] :$bParavia & C.,$cstampa 1954. 300 $aIV, 159 p. ;$c20 cm. 500 $aContiene : Appendici. 650 4$aLingua latina - Stilistica.$0(OLS)http://semarc/subject/20193 850 $aSeMil 852 $aSeMil$W1$xVenegono$y1$m3S I 262$j160809$B160809$CSeMilBibl$Z2$F171862 $81 996 $6245$aTeoria dello stile latino$9(OLS)http://semarc/title/304092 996 $6260$aTorino [etc.] :$bParavia & C.$9(OLS)http://semarc/publisher/33758